Papel de los españoles en el descubrimiento y estudio de las quinas : (Record no. 187944)

MARC details
000 -LEADER
campo de control de longitud fija 01112nam a2200241 i 4500
001 - NÚMERO DE CONTROL
campo de control 187944
003 - IDENTIFICADOR DE NÚMERO DE CONTROL
campo de control ES-MaACL
005 - FECHA Y HORA DE LA ÚLTIMA TRANSACCIÓN
campo de control 20260305131245.0
008 - DATOS DE LONGITUD FIJA--INFORMACIÓN GENERAL
campo de control de longitud fija 180328s1931 sp |||| | spa d
100 1# - ENTRADA PRINCIPAL--NOMBRE DE PERSONA
Nombre de persona Barreiro, Agustín Jesús,
Fechas asociadas al nombre 1865-1937
9 (RLIN) 25888
245 10 - MENCIÓN DEL TÍTULO
Título Papel de los españoles en el descubrimiento y estudio de las quinas :
Resto del título conferencia pronunciada el día 22 de abril de 1931 /
Mención de responsabilidad, etc. por el P. Agustín Jesús Barreiro.
260 ## - PUBLICACIÓN, DISTRIBUCIÓN, ETC.
Lugar de publicación, distribución, etc. Madrid :
Nombre del editor, distribuidor, etc. [s.n.],
Fecha de publicación, distribución, etc. 1931 (
Fabricante Blass)
300 ## - DESCRIPCIÓN FÍSICA
Extensión 16 p., [5] p. de lám. ;
Dimensiones 23 cm.
490 1# - MENCIÓN DE SERIE
Mención de serie Conferencias dadas en el Centro de intercambio intelectual germano-español. Segunda serie ;
Designación de volumen o secuencia 6
530 ## - NOTA DISPONIBLE DE FORMULARIO FÍSICO ADICIONAL
Nota de formato físico adicional disponible Disponible en formato digital.
650 #4 - PUNTO DE ACCESO ADICIONAL DE MATERIA--TÉRMINO DE MATERIA
Término de materia o nombre geográfico como elemento de entrada Quina.
9 (RLIN) 153737
650 #4 - PUNTO DE ACCESO ADICIONAL DE MATERIA--TÉRMINO DE MATERIA
Término de materia o nombre geográfico como elemento de entrada Expediciones científicas-
Subdivisión geográfica América española.
9 (RLIN) 164469
830 00 - PUNTO DE ACCESO ADICIONAL DE SERIE-TÍTULO UNIFORME
Título uniforme Conferencias dadas en el Centro de Intercambio Intelectual Germano-Español.
Nombre de parte o sección de la obra Segunda serie
Designación de volumen o secuencia 6
9 (RLIN) 192934
852 ## - LOCALIZACIÓN
Ubicación ES-MaACL
Número de control de estantería C-8111(37)
Ubicación en estantería Sala Palomar
856 4# - LOCALIZACIÓN Y ACCESO ELECTRÓNICOS
Identificador Uniforme de Recursos <a href="http://bdh-rd.bne.es/viewer.vm?id=0000228025&page=1 ">http://bdh-rd.bne.es/viewer.vm?id=0000228025&page=1 </a>
Texto de enlace Biblioteca Digital Hispánica
942 ## - ELEMENTOS DE ENTRADA SECUNDARIOS (KOHA)
Fuente del sistema de clasificación o colocación Clasificación decimal universal
Holdings
Estatus retirado Estado de pérdida Estado de daño No para préstamo Colección Biblioteca de origen Biblioteca actual Ubicación en estantería Fecha de adquisición Fuente de adquisición Total de préstamos Signatura topográfica completa Código de barras Visto por última vez Precio de reemplazo Tipo de ítem Koha
        Colección digital Biblioteca del Ateneo de Madrid Biblioteca del Ateneo de Madrid Sala Palomar 28/03/2018     C-8111(37) 1198596 23/02/2023 23/02/2023 Libro impreso